Borders This but Not That Quiz Stats

Quiz Updated Sep 2, 2017

Challenge
Share
Tweet
Embed
Score 0/20 Timer 04:00
6 Plays Today
Borders... Country % Correct
United StatesCanada
98.4%
MongoliaChina
92.1%
BelgiumNetherlands
91.8%
SwitzerlandFrance
89.9%
UruguayBrazil
89.2%
TunisiaAlgeria
83.9%
ChilePeru
81.5%
NorwayRussia
78.8%
IndiaBangladesh
75.9%
PanamaCosta Rica
69.1%
Borders... Country % Correct
PalestineJordan
61.5%
VietnamCambodia
61.4%
ZimbabweZambia
61.1%
ThailandMalaysia
59%
BeninNigeria
55.3%
RwandaUganda
53.7%
MontenegroAlbania
53.3%
BelarusLatvia
52.8%
DjiboutiEritrea
51.2%
TurkmenistanIran
36.8%

You're not logged in!

Compare scores with friends on all Sporcle quizzes.
Sign Up with Email
OR
Log In

You Might Also Like...

Show Comments

Extras

Top Quizzes Today


Score Distribution

Your Account Isn't Verified!

In order to create a playlist on Sporcle, you need to verify the email address you used during registration. Go to your Sporcle Settings to finish the process.